000 005020000a22001690004500
041 0 _aSPA
082 0 4 _aG 498 I5974e
110 1 _aInstituto Lingüístico de Verano
245 1 0 _aLetrënga kamntxañe : El abecedario an kamsá / Ministerio de Gobierno, Instituto Lingüístico de Verano
260 _aMeta, Colombia : Townsend
300 _a32 Pag
001 10345
942 _cBK
999 _c39920
_d39920
336 _atexto
_btxt
_2rdacontent
337 _2rdamedia
_asin mediación
_bn
338 _2rdacarrier
_avolumen
_bnc